000 01684cam a22004337a 4500
001 16298628
003 OSt
005 20260209175912.0
008 100623s2010 nyua 001 0 eng d
010 _a 2010459082
020 _a9780399535628
020 _a0399535624
035 _a(OCoLC)ocn426803763
040 _aBTCTA
_cBTCTA
_dNAB
_dVP@
_dDLC
042 _alccopycat
050 0 0 _aT 15
_b.Ol48 2007
082 0 4 _aREF 031
_bO46 2007
100 1 _aOliver, Harry.
245 1 0 _aBubble gum and hula hoops :
_bthe origins of objects in our everyday lives /
_cHarry Oliver.
250 _a1st American ed.
260 _aNew York, N.Y. :
_bPerigee :
_bPenguin Group,
_cc2007.
300 _axiii, 223 p. :
_bill. ;
_c21 cm.
500 _a"Originally published as Cat flaps and mousetraps in Great Britain in 2007 by John Blake Publishing Ltd."--P. [iv]
500 _aIncludes index.
520 _a1. Facts--Science and technology
562 _e1
650 0 _aInventions
_xHistory.
650 0 _aCivilization, Modern
_vMiscellanea.
650 0 _aPopular culture
_vMiscellanea.
650 0 _aMaterial culture
_vMiscellanea.
650 0 _aHandbooks, vade-mecums, etc.
700 1 _aOliver, Harry.
_tCat flaps and mousetraps.
856 4 2 _3Contributor biographical information
_uhttp://www.loc.gov/catdir/enhancements/fy1101/2010459082-b.html
856 4 2 _3Publisher description
_uhttp://www.loc.gov/catdir/enhancements/fy1101/2010459082-d.html
906 _a7
_bcbc
_ccopycat
_d2
_encip
_f20
_gy-gencatlg
942 _2lcc
_cBK
999 _c3853
_d3853